Normal view
MARC view
- Mali,Awais Adil, Israr,Amna & Mateen,Myra
Entry Personal Name
001 - CONTROL NUMBER
- control field: 4870
003 - CONTROL NUMBER IDENTIFIER
- control field: NUST
005 - DATE AND TIME OF LATEST TRANSACTION
- control field: 20170922130214.0
008 - FIXED-LENGTH DATA ELEMENTS
- fixed length control field: 170922|| aca||aabn | a|a d
040 ## - CATALOGING SOURCE
- Original cataloging agency: NUST
- Transcribing agency: NUST
100 ## - HEADING--PERSONAL NAME
- Personal name: Mali,Awais Adil, Israr,Amna & Mateen,Myra
670 ## - SOURCE DATA FOUND
- Source citation: Work cat.: (NUST): Mali,Awais Adil, Israr,Amna & Mateen,Myra, Key inputs leading to agricultural growth in Pakistan, 2014
